Miejscowości w Polish Car Driving (PCD) - Statystyki

Ogólne statystyki
  • Ten quiz został rozwiązany 156 razy
  • Średni wynik to 11 z 17
Statystyki odpowiedzi
Hint Odpowiedź % Poprawnych
Stary....... Stary Jarosław
88%
Zdawanie prawa jazdy Darłowo
85%
Bar pod dzikiem Bobrowice
75%
Przejazd kolejowy Sęczkowo
73%
Pierwsze miasto Sławno
70%
Między Karwicami a Domasławicami Słowino
63%
Zajazd skalny Karwice
61%
Ulenberg Malechówko
61%
Zaraz za Sławnem na DK7 Bobrowiczki
60%
Event halloweenowy 2024 Grzybno
58%
Leonardia Krupy
58%
DarFisch Rusko
56%
Zawozisz tam auto z kradzieży Malechowo
55%
Prawie nic tam nie ma oprócz trzech domów Pątnowo
54%
Między DK37 a DW205 Darłowiec
52%
Miejscowość z poprzedniego pytania Domasławice
45%
Fotoradar Rzyszczewo
42%
Nie znaleziono quizów pasujących do podanych kryteriów
Rozkład punktacji
Procent ludzi z każdym wynikiem
Percentyl według liczby udzielonych odpowiedzi
Twoja historia wyników
Nie rozwiązałeś tego quizu